000 00518nam a2200181Ia 4500
003 OSt
005 20260331084657.0
008 211028s2010 xx 000 0 und d
040 _cAIMIT LIBRARY
041 _aeng
082 _a658.8 BERS
100 _aBernadine, Sharel;Achar, Sumitha.
_g816046
_96508
245 _aA study of facilities to be provided and price to be offered; at mango suites /
260 _bAchar, Sumitha
_c2010
600 _aMarketing
_96509
650 _aMarketing
_96510
942 _2ddc
_cPRO
999 _c218261
_d218261